000 00602nam a2200229Ia 4500
003 OSt
005 20220918193317.0
006 a|||||r|||| 00| 0
007 ta
008 220917b |||||||| |||| 00| 0 eng d
024 _a72,583
037 _cTextual
040 _aARTS
_cARTS
_beng
041 _2eng
_aeng
082 _aR5v1:N5, K6
100 _aBeardsley Monroe C
245 0 _aAesthetics from classical Greece to the present
_b a short history
260 _c1966
650 _aAESTHETICS
942 _hR5v1:N5, K6
_cTEXL
_2CC
999 _c198571
_d198571